[Event "MAS-ch"]
[Site "Pontian"]
[Date "2024.04.22"]
[Round "3"]
[White "Akhramsyah, Aqil Ainuddin Naufa"]
[Black "Mohan, Hariharan"]
[Result "0-1"]
[WhiteElo "1932"]
[BlackElo "1711"]
[PlyCount "84"]
[EventDate "2024.04.21"]
[EventType "swiss"]
[EventRounds "9"]
[EventCountry "MAS"]
[SourceTitle "EXT 2025"]
[Source "ChessBase"]
[SourceDate "2024.10.14"]
[SourceVersion "1"]
[SourceVersionDate "2024.10.14"]
[SourceQuality "1"]

1. d4 Nf6 2. c4 g6 3. Nc3 Bg7 4. e4 d6 5. h3 0-0 6. Bg5 c5 7. d5 a6 8. Qd2 Bd7 9. a4 e6 10. Bd3 exd5 11. exd5 Bc8 12. Nge2 Nbd7 13. f4 Re8 14. 0-0 h6 15. Bh4 Qe7 16. Bf2 Nf8 17. Ng3 Qc7 18. Rab1 Bd7 19. b4 b6 20. Qc2 Rab8 21. a5 cxb4 22. axb6 Rxb6 23. Bxb6 Qxb6+ 24. Kh2 a5 25. Nce4 Nxe4 26. Nxe4 Bf5 27. c5 dxc5 28. Qxc5 Qxc5 29. Nxc5 Bxd3 30. Nxd3 Rd8 31. Nb2 Rxd5 32. Rfd1 Rf5 33. Rd8 Rxf4 34. Rd5 Bxb2 35. Rxb2 a4 36. Rbd2 Ne6 37. Rb5 Rc4 38. Rd6 b3 39. Ra6 Kg7 40. Ra7 Nc5 41. Kg3 Rc2 42. Kf3 b2 0-1